| 000 | 00700nam a2200241Ia 4500 | ||
|---|---|---|---|
| 005 | 20241129105946.0 | ||
| 008 | 241129s9999||||xx |||||||||||||| ||und|| | ||
| 020 | _a978-1-138-36530-8 | ||
| 037 | _aREF | ||
| 040 |
_aARTS _beng _cARTS |
||
| 041 |
_aeng _2eng |
||
| 084 |
_aY6g Q2;R0(RR) _qARTS |
||
| 100 |
_aWatson Nick Ed.; Vehmas Simo Ed. _9726702 |
||
| 245 | 0 |
_aRoutledge handbook of disability studies _cWatson Nick Ed.; Vehmas Simo Ed. |
|
| 250 | _a2nd | ||
| 260 |
_aUK _bRoutledge _c2022 |
||
| 300 | _axviii,543p. | ||
| 365 |
_aUKP _b200 |
||
| 490 | _aRoutledge international handbooks | ||
| 650 | _aSociology | ||
| 942 |
_cREF _hY6g Q2;R0(RR) |
||
| 999 |
_c1226770 _d1226770 |
||